00752nam a22002297a 450000500170000001000130001702000220003003500130005203700160006504000120008108200110009310000240010424500340012826000370016227000420019930000190024165000360026065000290029694200200032599900190034595201580036420170124110126.0 aA-466805 c100.00a171891543 aA-466805 bCen Lib/Ret aDPLbEN aSbNEE aNeelam Kumar930600 aI, a woman /cby Neelam Kumar bWriters workshopaCalcuttac1991 bCalcuttaa162/92 Lake Gardense700045 a95p.c22cm(Hb) aIndic fiction (English)9102442 aIndia -- Fiction9102443 2ddccENhSmNEE c131337d131337 04104070aLbLd2015-07-14eCen Lib/Retg0.00l0oS NEEpA-466805r2015-07-14 00:00:00t1v0.00w2015-07-14yENzW/d List No. 6865/13 ; dtd 08/08/2020